Desarrollo de guías para el laboratorio de control automático : proyecto eléctrico
Salvato in:
| Autore principale: | |
|---|---|
| Altri autori: | |
| Natura: | Libro |
| Pubblicazione: |
[San José, Costa Rica]
2004
|
| Soggetti: | |
| Tags: |
Aggiungi Tag
Nessun Tag, puoi essere il primo ad aggiungerne!!
|
MARC
| LEADER | 00000nam a2200000Ia 4500 | ||
|---|---|---|---|
| 003 | 009394 | ||
| 005 | 20221231144136.0 | ||
| 008 | 140114s2004 cr a m 000 ||s d | ||
| 040 | |c cru CEDI | ||
| 090 | |a TFG 4934 | ||
| 100 | |a Araya Bonilla, Kevin |9 6330 | ||
| 245 | |a Desarrollo de guías para el laboratorio de control automático : proyecto eléctrico | ||
| 260 | |c 2004 |a [San José, Costa Rica] | ||
| 300 | |a Pág. y otros x, 141 hojas : ilustraciones | ||
| 500 | |a Proyecto de graduación (bachillerato en ingeniería eléctrica)--Universidad de Costa Rica. Facultad de Ingeniería. Escuela de Ingeniería Eléctrica | ||
| 650 | |x CONTROL AUTOMATICO |x MANUALES DE CAPACITACION |9 6331 | ||
| 700 | |a Cubero Alpízar, Carlos Reyes |9 2289 | ||
| 942 | |c TFG | ||
| 999 | |c 17485 |d 17485 | ||
